000 01833cam a22004814i 4500
003 PE-LiUPU
005 20250731184602.0
008 150616s r 000 0 d
035 _a(Sirsi) a5302
040 _aPE-LiUPU
_bspa
_cPE-LiUPU
_erda
049 _aPRUA
082 0 4 _a946.03
_bJ71
_221
100 1 _aJones, Gwyn,
_eautor.
245 1 3 _aEl primer descubrimiento de América (establecimiento de los vikingos de Islandia, Groenlandia y América).
264 1 _aBarcelona :
_bEdiciones de Occidente,
_c1965.
300 _a319 páginas :
_bilustraciones mapas, láms. ;
_c22 cm.
336 _atext
_2rdacontent
337 _aunmediated
_2rdamedia
338 _avolume
_2rdacarrier
490 0 _aLibros Tau
504 _anotas bibliográficas.
505 0 _aLos acontecimientos: -Islandia -- Groenlandia -- Vinlandia la Buena. Las fuentes: -El libro de los Islandeses -- El libro de los Asentamientos -- La saga de los Groenlandeses -- La saga de Erik el Rojo -- El viaje de Karlsefni a Vinlandia -- La historia de Einar Sokkason.
526 _aP136
526 _aP135
526 _aP134
526 _aP133
526 _aP144
526 _aP143
526 _aP87
526 _aP35
526 _aP20
526 _aP14
526 _aP10
526 _aP06
650 0 4 _aDESCUBRIMIENTOS GEOGRAFICOS - AMERICA.
910 _ajck
_bjvq
_cjck
942 _2ddc
_cBOOK
949 _a946.03 J71
_wDEWEY
_c1
_i07530
_lCCODEBUL1
_mBUL
_p00.00
_r0
_sY
_tBOOK
_u2015-04-23
_xEDUCACION
_PP20
_0COMPRA
_o.STAFF. Colección General
994 _aC0
_bPEPRU
596 _a1
999 _a946.03 J71
_wDEWEY
_c55691
_i07530
_d55691
_f2021-11-8
_g5
_lCCODEBUL1
_mBUL
_q1
_r1
_sY
_tBOOK
_u2015-4-23
_xBIBLIOTECA
_PP20
_0COMPRA
_o.STAFF. Colección General
980 _81
_gALBERTO SANCHEZ Responsable de Automatización